| 000 | 00534nmm a2200169Ia 4500 | ||
|---|---|---|---|
| 008 | 251105s9999||||xx |||||||||||||||||und|| | ||
| 020 | _a9788437074023 | ||
| 041 | _acat | ||
| 100 | _aBaldó Lacomba, Marc | ||
| 245 | 0 |
_aIntroducció a la història : _b Praxi, estructura i canvi |
|
| 264 |
_a[Madrid, España] : _bPublicaciones de la Universidad de Valencia (PUV), _c2009 |
||
| 300 | _a292 páginas | ||
| 490 | _aHistoria | ||
| 650 | _aHistory (General) | ||
| 856 | _uhttps://public.digitaliapublishing.com/a/34839 | ||
| 942 | _cCF | ||
| 999 |
_c82464 _d82464 |
||